000 01293naa a22003497a 4500
001 BR9212475
003 BR-BrBNA
005 20240918181645.0
007 ta
008 230509b bl.||||| |||| 00| 0 por d
040 _aBR-BrBNA
_bpor
_cBiblioteca Nacional de Agricultura
041 _a(Pt)
072 _aL02; L01
_b5212
_b5217
_b3730
090 _aL02 BR9212475
100 1 _aRestle, J.
100 1 _aSouza, E.V.T. de
100 1 _aNucci, E.P.D.
100 1 _aSilva, J.H.S. da
111 1 _a16. Congresso Mundial de Buiatria; 6. Congresso Latino Americano de Buiatria
_cSalvador, BA (Brazil)
_d13-17 Aug 1990
245 1 _aDesempenho de bovinos e bubalinos alimentados em confinamento com diferentes fontes de volumosos
260 3 _aSalvador, BA (Brasil):
_c1990.
500 _a16. Congresso Mundial de Buiatria; 6. Congresso Latino Americano de Buiatria Salvador, BA (Brasil): 1990. p. 939-944 (BR9212475-AM)L02
650 _aBovino
650 _aBufalo
650 _aProteina
650 _aDieta
650 _aConfinamento
650 _aPerformance
773 0 _t16. Congresso Mundial de Buiatria; 6. Congresso Latino Americano de Buiatria
_b
_wL02 BR9212475
_gSalvador, BA (Brasil), 1990. p. 939-944
909 _a202404
_bLucia
_c55
_dLucia Elande
942 _cAM
_2AGRIS
999 _c326250
_d326250